Formel 1 - Gruppen #5 - Statistiken

Allgemein
  • Dieses Quiz wurde 134 mal gespielt
  • Das Durchschnittsergebnis liegt bei 24 aus 41
Antwortstatistiken
Hint Antwort % Korrekt
Britische F1 Weltmeister Lewis Hamilton - 7
96%
Sprintsieger Lewis Hamilton- 1
96%
Sprintsieger Max Verstappen- 11
93%
Reifenmischungen in 2018 Soft
93%
Reifenmischungen in 2018 Hard
92%
2025 Stadtkurse Monaco
90%
Sprintsieger Lando Norris- 2
88%
Reifenmischungen in 2018 Medium
88%
2025 Stadtkurse Las Vegas (USA)
84%
Sprintsieger Oscar Piastri- 2
82%
2025 Stadtkurse Miami (USA)
78%
2025 Stadtkurse Baku (Aserbaidschan)
77%
2025 Stadtkurse Marina Bay (Singapur)
77%
Reifenmischungen in 2018 Intermediate
76%
Reifenmischungen in 2018 Heavy Wet
73%
Reifenmischungen in 2018 Supersoft
71%
Sprintsieger Sergio Perez- 1
66%
Britische F1 Weltmeister Jenson Button - 1
65%
Reifenmischungen in 2018 Ultrasoft
65%
2025 Stadtkurse Albert Park (Australien)
62%
Britische F1 Weltmeister Damon Hill - 1
62%
Sprintsieger George Russell- 1
62%
Britische F1 Weltmeister Graham Hill - 2
62%
2025 Stadtkurse Dschidda (Saudi Arabien)
58%
Sprintsieger Valtteri Bottas- 2
58%
Britische F1 Weltmeister Jackie Stewart - 3
49%
Britische F1 Weltmeister Nigel Mansell - 1
49%
Reifenmischungen in 2018 Hypersoft
45%
2025 Stadtkurse Montreal (Kanada)
45%
Länder mit 1 - 5 Podien Japan - 3
44%
Britische F1 Weltmeister Jim Clark - 2
43%
Reifenmischungen in 2018 Ultrahard
42%
Britische F1 Weltmeister James Hunt - 1
40%
Britische F1 Weltmeister John Surtees - 1
29%
Britische F1 Weltmeister Mike Hawthorn - 1
28%
Länder mit 1 - 5 Podien Portugal - 1
27%
Länder mit 1 - 5 Podien Russland - 4
26%
Länder mit 1 - 5 Podien Venezuela - 1
22%
Länder mit 1 - 5 Podien Dänemark - 1
21%
Länder mit 1 - 5 Podien Thailand - 2
15%
Länder mit 1 - 5 Podien Rhodesien - 1
3%
Keine übereinstimmenden Quizze gefunden
Verteilung der Resultate
Anzahl Personen mit jedem Resultat
Perzentil nach korrekt beantworteten Fragen
Ihre Resultats-Entwicklung
Sie haben dieses Quiz noch nicht gespielt